Teams Man Utd Have Beat 24/25 - Statistics

General Stats
  • This quiz has been taken 104 times
    97 since last reset
  • The average score is 4 of 6
Answer Stats
Competition Score Answer % Correct
Carabao Cup 7-0 Barnsley
79%
Premier League 1-0 Fulham
74%
Carabao Cup 5-2 Leicester
73%
Premier League 0-3 Southampton
69%
Premier League 2-1 Brentford
49%
Europa League 2-0 PAOK
44%
No matching quizzes found
Score Distribution
Percent of People with Each Score
Percentile by Number Answered
Your Score History
You have not taken this quiz since the last reset